[Event "Prepare for an enjoyable game!"]
[Site "http://www.queenalice.com/game.php?id=424072"]
[Date "2008.6.27"]
[Round "-"]
[White "hildanknight"]
[Black "juim"]
[Result "0-1"]
[WhiteElo "1866"]
[BlackElo "1597"]

1. c4 d5 2. cxd5 Qxd5 3. Nc3 Qc4 4. e4 Qe6 5. d4 Nf6 6. Bd3 Qb6 7. Be3 Qxb2 8.
Rc1 e6 9. Nf3 Bb4 10. Qb3 Qxb3 11. axb3 O-O 12. O-O Ng4 13. Bf4 c6 14. Rfd1 Nd7
15. Na2 Ba3 16. Rc3 Bb2 17. Rc2 Ba3 18. Rc3 Ndf6 19. b4 Bb2 20. Rb3 Bxd4 21. h3
Nxf2 22. Nxd4 Nxd1 23. Bc2 Re8 24. e5 Nd5 25. Bd2 b6 26. Bxd1 Rd8 27. Bc2 Ba6
28. Rg3 g6 29. Nf3 Bc4 30. Nc1 b5 31. Nd3 Bxd3 32. Bxd3 Nxb4 33. Be4 Nd5 34. Bh6
a5 35. Bc2 Ne3 36. Bxe3 a4 37. Nd2 a3 38. Nb3 a2 39. Na1 c5 40. Bxc5 Rdc8 41.
Bd4 Rc4 42. Bb2 b4 43. Bb3 Re4 44. Rd3 Re2 45. Bd4 Rc8 46. Be3 Re1+ 47. Kf2 Rxa1
48. Rd2 Ra8 49. Kg3 Re1 50. Bd4 a1=Q 51. Bxa1 Raxa1 52. Kf4 Ra5 53. Rd4 Rexe5
54. Rxb4 Reb5 55. Rxb5 Rxb5 56. Bd1 Rd5 57. Bf3 Rf5+ 58. Ke3 h5 59. Kd4 f6 60.
Ke3 Rg5 61. Kf2 Ra5 62. Ke3 f5 63. Kd3 e5 64. Bc6 e4+ 65. Ke3 Kf7 66. g3 Kf6 67.
Kd4 Ra3 68. g4 Rd3+ 69. Kc4 Kg5 70. gxh5 Rxh3 71. hxg6 Kxg6 72. Kd4 Rh4 73. Ke3
Kg5 74. Kf2 Kf4 75. Ke2 Rh2+ 76. Kd1 Kf3 77. Kc1 f4 78. Kd1 Ke3 79. Kc1 f3 80.
Kd1 f2 0-1

[Event "Prepare for an enjoyable game!"]
[Site "http://www.queenalice.com/game.php?id=424073"]
[Date "2008.6.27"]
[Round "-"]
[White "hildanknight"]
[Black "igorzz"]
[Result "0-1"]
[WhiteElo "1948"]
[BlackElo "2070"]

1. c4 c6 2. g3 Nf6 3. Bg2 e5 4. Nc3 Bc5 5. d3 Ng4 6. Ne4 Qa5+ 7. Bd2 Qb6 8. Nh3
Bb4 9. O-O d5 10. Nc3 Bxc3 11. bxc3 Be6 12. cxd5 Bxd5 13. e4 Be6 14. Kh1 Nd7 15.
f4 exf4 16. Bxf4 Ne3 17. Bxe3 Qxe3 18. Qc2 Qh6 19. Nf4 O-O 20. d4 Bc4 21. Rf2
Nf6 22. Bf3 Qg5 23. Re1 Ng4 24. Rd2 Nf6 25. d5 cxd5 26. exd5 Nd7 27. d6 Rae8 28.
Red1 b5 29. Bc6 Rd8 30. Re1 Ne5 31. Qe4 Nd3 32. Rxd3 Bxd3 33. Qxd3 Qc5 34. Bxb5
Rxd6 35. Qc4 Qxc4 36. Bxc4 h6 37. Rc1 Rfd8 38. Bb3 a5 39. c4 Rd2 40. Nd5 Re8 41.
Nf4 g5 42. Ng2 Ree2 43. Rg1 Kf8 44. h4 gxh4 45. gxh4 Ke7 46. Kh2 f5 47. Kg3 Rd3+
48. Kh2 Rf2 49. Re1+ Kd6 50. Kg1 Rdd2 51. Ne3 f4 52. Nf5+ Kc6 53. Nxh6 Rg2+ 54.
Kh1 Rh2+ 55. Kg1 Rdg2+ 56. Kf1 f3 57. Re6+ Kc7 58. Re7+ Kd8 59. Re8+ Kxe8 60.
Ba4+ Kf8 61. Ng4 Rh1# 0-1

[Event "Prepare for an enjoyable game!"]
[Site "http://www.queenalice.com/game.php?id=424074"]
[Date "2008.6.27"]
[Round "-"]
[White "hildanknight"]
[Black "SRIVERO"]
[Result "1-0"]
[WhiteElo "1500"]
[BlackElo "1599"]

1. c4 e5 2. g3 Nf6 3. Bg2 Bc5 4. Nc3 c6 5. Qb3 Ng4 6. e3 Qf6 7. Nf3 b6 8. O-O
Bb7 9. Rd1 O-O 10. d4 exd4 11. exd4 Bd6 12. h3 c5 13. d5 Ne5 14. Nxe5 Bxe5 15.
Ne4 Qf5 16. Re1 d6 17. Be3 Nd7 18. Qa4 Nf6 19. Nc3 Bxc3 20. bxc3 Ne4 21. Qc2
Rae8 22. Bf4 g5 23. Bxe4 Rxe4 24. Qxe4 Qxe4 25. Rxe4 gxf4 26. Rxf4 f5 27. Re1
Kg7 28. Re7+ Rf7 29. Rxf7+ Kxf7 30. Rxf5+ Kg6 31. Rf4 h5 32. Kg2 Ba6 33. Kf3 b5
34. g4 b4 35. cxb4 cxb4 36. Ke3 Bc8 37. f3 hxg4 38. hxg4 a5 39. Rd4 a4 40. Rd3
Ba6 41. Kd4 Kg5 42. Re3 Kf4 43. Re6 Kxf3 44. Rxd6 Bc8 45. g5 b3 46. axb3 axb3
47. Rb6 Bf5 48. Rxb3+ Kg4 49. c5 Kxg5 50. Ke5 1-0

[Event "Prepare for an enjoyable game!"]
[Site "http://www.queenalice.com/game.php?id=428084"]
[Date "2008.7.5"]
[Round "-"]
[White "hildanknight"]
[Black "Nyvang"]
[Result "0-1"]
[WhiteElo "1959"]
[BlackElo "1726"]

1. c4 g6 2. g3 d5 3. cxd5 Qxd5 4. Nf3 Bg7 5. Bg2 Qb5 6. d4 Qd5 7. Nc3 Qd8 8. e4
Bg4 9. Be3 Nc6 10. e5 Qd7 11. Qa4 Nh6 12. Ne2 O-O 13. O-O a6 14. Qc4 Be6 15. Qc5
b6 16. Qc3 Bh3 17. Rfd1 Bxg2 18. Kxg2 e6 19. Rac1 Ne7 20. Qxc7 Qxc7 21. Rxc7 Nd5
22. Rc6 b5 23. Bg5 Ng4 24. h3 f6 25. Rxe6 Nxf2 26. Kxf2 fxg5 27. Kg2 Ne3+ 28.
Kg1 Nxd1 29. Nxg5 Rf2 30. Nf4 Rxb2 31. d5 Rc8 32. Nf3 Ne3 33. Nd3 Rg2+ 34. Kh1
Rxg3 35. Ng1 Nxd5 36. Ne1 Nf4 37. Rxa6 Bxe5 38. Kh2 Nd5 39. Kh1 b4 40. Re6 Bf4
41. Re4 Re3 42. Rxe3 Bxe3 43. Nef3 Ra8 44. Kg2 Rxa2+ 45. Kg3 b3 46. Kg4 Rg2+ 47.
Kh4 Bf2# 0-1

[Event "Prepare for an enjoyable game!"]
[Site "http://www.queenalice.com/game.php?id=428086"]
[Date "2008.7.5"]
[Round "-"]
[White "hildanknight"]
[Black "stoyan1"]
[Result "1-0"]
[WhiteElo "1922"]
[BlackElo "1948"]

1. c4 e5 2. g3 Bc5 3. Bg2 Qf6 4. Nh3 d6 5. O-O Bxh3 6. Bxh3 g5 7. Nc3 Qh6 8. Bg2
c6 9. d3 f6 10. Rb1 a5 11. a3 Na6 12. Qa4 Rc8 13. Qxa5 Ne7 14. Qa4 O-O 15. e3 d5
16. cxd5 cxd5 17. Nxd5 Qg7 18. Nxe7+ Qxe7 19. d4 exd4 20. exd4 Bd6 21. Qb3+ Rf7
22. Be3 Kg7 23. Rbc1 Rxc1 24. Rxc1 Qd8 25. Bxb7 Nc7 26. Qa2 Qb8 27. Bc6 h5 28.
d5 h4 29. Rb1 h3 30. b4 Nb5 31. Qb3 Na7 32. Bxa7 Rxa7 33. a4 Re7 34. b5 Bc5 35.
Qd1 Qe5 36. d6 Bxd6 37. Qd2 Qe2 38. Qxe2 Rxe2 39. Kf1 Ra2 40. b6 Rc2 41. Bh1 Bc5
42. b7 Ba7 43. b8=Q Bxb8 44. Be4 Rc4 45. Bd5 Rc8 46. Ra1 Rc2 47. Ra2 Rxa2 48.
Bxa2 f5 49. Bd5 f4 50. Be6 fxg3 51. fxg3 Kf6 52. Bxh3 Ke5 53. Ke1 Kd6 54. a5 Kc6
55. a6 Ba7 56. Bf1 g4 57. h4 gxh3 58. Bxh3 Kd5 59. Ke2 Ke4 60. Bg2+ Kf5 61. Kf3
Bb8 62. Bf1 Kg5 63. Be2 Ba7 64. Ke4 Bf2 65. Bd1 Bg1 66. Kd5 Bf2 67. Kc6 Kf5 68.
Kb7 Kg5 69. a7 Bxa7 70. Kxa7 1-0

[Event "Prepare for an enjoyable game!"]
[Site "http://www.queenalice.com/game.php?id=428090"]
[Date "2008.7.5"]
[Round "-"]
[White "hildanknight"]
[Black "fatharry"]
[Result "1-0"]
[WhiteElo "1623"]
[BlackElo "1987"]

1. c4 Nf6 2. g3 e6 3. Bg2 d5 4. b3 Bc5 5. Bb2 O-O 6. e3 Nbd7 7. Ne2 Ng4 8. O-O
dxc4 9. bxc4 Nde5 10. Bxe5 Nxe5 11. d4 Nxc4 12. dxc5 Qf6 13. Nbc3 Rd8 14. Qc2 e5
15. Rfd1 Bf5 16. Qb3 Na5 17. Qb5 Nc6 18. Qxb7 e4 19. Nxe4 Qe6 20. Ng5 Qh6 21.
Nxf7 Kxf7 22. Bxc6 Qf6 23. Qxc7+ Kg8 24. Bxa8 1-0

[Event "Prepare for an enjoyable game!"]
[Site "http://www.queenalice.com/game.php?id=428091"]
[Date "2008.7.5"]
[Round "-"]
[White "hildanknight"]
[Black "bg"]
[Result "1-0"]
[WhiteElo "1935"]
[BlackElo "1723"]

1. c4 e5 2. g3 Bc5 3. Bg2 Nc6 4. Nc3 b6 5. d3 Bb7 6. Nh3 f6 7. O-O Nge7 8. Kh1
d6 9. f4 Qd7 10. Rb1 Bd4 11. Ne4 O-O-O 12. e3 Bc5 13. a3 d5 14. Nc3 Kb8 15. cxd5
Nxd5 16. Nxd5 Ne7 17. Nxe7 Bxe7 18. Bxb7 Kxb7 19. Nf2 g5 20. fxe5 Qd5+ 21. e4
Qxe5 22. Be3 h5 23. d4 Qe6 24. Kg2 g4 25. Qd3 h4 26. Nh1 Bd6 27. Rbd1 hxg3 28.
Nxg3 Bxg3 29. hxg3 Rh5 30. Rh1 Rdh8 31. Rxh5 Rxh5 32. Bf4 c6 33. d5 cxd5 34.
exd5 Qd7 35. Rh1 Rxh1 36. Kxh1 Qg7 37. d6 Qd7 38. Qe4+ Kb8 39. Qe7 Qc6+ 40. Kg1
Qc5+ 41. Be3 Qe5 42. Qc7+ Ka8 43. Qc8# 1-0

[Event "Prepare for an enjoyable game!"]
[Site "http://www.queenalice.com/game.php?id=428092"]
[Date "2008.7.5"]
[Round "-"]
[White "hildanknight"]
[Black "vincentlennon"]
[Result "0-1"]
[WhiteElo "1944"]
[BlackElo "2101"]

1. c4 Nf6 2. g3 e5 3. Bg2 c6 4. Nc3 Bc5 5. d3 O-O 6. Bg5 Bxf2+ 7. Kxf2 Ng4+ 8.
Ke1 Qxg5 9. Rb1 Ne3 10. Qc1 Nxg2+ 11. Kf2 Nf4 12. gxf4 exf4 13. Nf3 Qc5+ 14. Kg2
Qe3 15. Qxe3 fxe3 16. Rhg1 f5 17. Kh1 d6 18. Rg5 Be6 19. Nd4 Bd7 20. Rf1 h6 21.
Rh5 f4 22. Rh4 c5 23. Nf3 Kh7 24. Rg1 Nc6 25. Nd5 Rae8 26. Nxf4 Nd4 27. Ng5+ Kg8
28. Ne4 Bc6 29. Nd5 Nxe2 30. Re1 Bxd5 31. cxd5 Nd4 32. Rxe3 Nf5 33. Reh3 Nxh4
34. Rxh4 Re5 35. Nxd6 Rf2 36. Kg1 Rxb2 37. Rf4 Rxd5 38. Nc4 Rxa2 39. Ne3 Rxd3
40. Nc4 Rd1+ 41. Rf1 Rxf1+ 42. Kxf1 Rxh2 0-1

[Event "Prepare for an enjoyable game!"]
[Site "http://www.queenalice.com/game.php?id=428094"]
[Date "2008.7.5"]
[Round "-"]
[White "hildanknight"]
[Black "vishnu"]
[Result "1-0"]
[WhiteElo "1893"]
[BlackElo "1649"]

1. c4 e5 2. g3 Nf6 3. Bg2 Be7 4. Nc3 O-O 5. d3 Nc6 6. Bg5 Nd4 7. e3 Ne6 8. Bxf6
Bxf6 9. Nge2 c6 10. f4 exf4 11. Nxf4 Re8 12. O-O Nc5 13. Qd2 Bg5 14. Rae1 d6 15.
d4 Ne4 16. Bxe4 Bf6 17. Qd3 Qb6 18. b3 h6 19. d5 cxd5 20. Ncxd5 Qa5 21. Re2 Bg5
22. Ng2 Bd7 23. Ref2 Be6 24. h4 Bxd5 25. Bxd5 Re7 26. hxg5 hxg5 27. Qf5 Qc7 28.
Bxf7+ Kh8 29. Qh3# 1-0

[Event "Prepare for an enjoyable game!"]
[Site "http://www.queenalice.com/game.php?id=442359"]
[Date "2008.8.1"]
[Round "-"]
[White "hildanknight"]
[Black "Iancopoulus"]
[Result "0-1"]
[WhiteElo "1870"]
[BlackElo "2115"]

1. c4 d5 2. cxd5 e6 3. dxe6 Bxe6 4. Nc3 c5 5. Nf3 Nc6 6. b3 Nf6 7. Bb2 Bd6 8. e3
O-O 9. d4 Qa5 10. Be2 cxd4 11. exd4 Bb4 12. Qd2 Ne4 13. Qc2 Bxc3+ 14. Bxc3 Qxc3+
15. Qxc3 Nxc3 16. Bd3 Nb4 17. Bb1 Nxb1 18. Rxb1 Nxa2 19. O-O Nc3 20. Rb2 Rfd8
21. Rc1 Nb5 22. Rd1 Rac8 23. Kf1 Bg4 24. d5 Bxf3 25. gxf3 Nc3 26. Rd3 Rxd5 27.
Rxd5 Nxd5 28. Re2 Rc1+ 29. Re1 Rxe1+ 30. Kxe1 f5 31. Kd2 Kf7 32. Kd3 Ke6 33. Kd4
Kd6 34. h3 b5 35. h4 a5 36. Kd3 Kc5 37. Kc2 Kd4 38. Kd2 Nb4 39. h5 f4 40. Ke2
Kc3 41. Kd1 Kxb3 42. Kd2 a4 43. Kc1 a3 44. Kb1 a2+ 45. Kc1 Kc3 46. Kd1 Kd3 47.
Kc1 a1=Q# 0-1

[Event "Prepare for an enjoyable game!"]
[Site "http://www.queenalice.com/game.php?id=442362"]
[Date "2008.8.1"]
[Round "-"]
[White "hildanknight"]
[Black "REUSKING"]
[Result "1/2-1/2"]
[WhiteElo "1908"]
[BlackElo "2056"]

1. c4 e5 2. g3 Nf6 3. Bg2 d5 4. cxd5 Nxd5 5. Nf3 Nc6 6. O-O Be6 7. d4 exd4 8.
Nxd4 Nxd4 9. Qxd4 c6 10. Nc3 Nxc3 11. Qxc3 Qf6 12. Qxf6 gxf6 13. Rd1 Rd8 14.
Rxd8+ Kxd8 15. b3 Kc7 16. Bb2 Be7 17. Rd1 Rd8 18. Rxd8 Kxd8 19. f4 Bc5+ 20. Kf1
f5 21. e4 fxe4 22. Bxe4 f5 23. Bf3 Ke7 24. h3 a6 25. Kg2 Be3 26. Be5 Bc5 27. g4
fxg4 28. hxg4 a5 29. Kg3 Kf7 30. f5 Bd7 31. Kf4 h6 32. Be4 b5 33. Bc2 Bb6 34. g5
hxg5+ 35. Kxg5 Be3+ 36. Bf4 Bxf4+ 37. Kxf4 Kf6 38. a3 c5 39. Bd3 Bc6 40. Be4
Bxe4 41. Kxe4 c4 42. bxc4 bxc4 43. Kd4 Kxf5 44. Kxc4 Ke6 45. Kb5 Kd6 46. Kb6 a4
47. Kb5 Kc7 1/2-1/2

[Event "Prepare for an enjoyable game!"]
[Site "http://www.queenalice.com/game.php?id=464624"]
[Date "2008.9.17"]
[Round "-"]
[White "hildanknight"]
[Black "Cueball600"]
[Result "0-1"]
[WhiteElo "1864"]
[BlackElo "2233"]

1. c4 e5 2. g3 d5 3. cxd5 Qxd5 4. Nf3 e4 5. Nc3 Qc6 6. Nd4 Qd7 7. e3 Nf6 8. d3
a6 9. dxe4 c5 10. Nf3 Qxd1+ 11. Kxd1 Bg4 12. Bg2 Nc6 13. Kc2 Nb4+ 14. Kd1 Nd3
15. Ke2 Nxc1+ 16. Raxc1 O-O-O 17. Rhe1 Be6 18. Kf1 Bc4+ 19. Kg1 Be7 20. b3 Be6
21. Ng5 Kb8 22. Na4 Rc8 23. Red1 c4 24. Nxe6 fxe6 25. Rxc4 b5 26. Rxc8+ Rxc8 27.
Nb2 Rc2 28. Rb1 Ba3 29. Nd3 Rd2 30. Ne5 Rxa2 31. Kf1 Bb2 32. Nd3 Ra1 33. Rxa1
Bxa1 34. b4 Bc3 35. Ke2 a5 36. bxa5 Bxa5 37. f4 Nd7 38. e5 Kc7 39. Be4 h6 40. h4
Kb6 41. Kd1 Nc5 42. Kc2 Nxe4 43. g4 Kc6 44. f5 exf5 45. gxf5 Kd5 46. e6 Nf6 47.
Nf2 Ke5 48. e4 Bd8 49. Kd3 Be7 50. Ke3 Bc5+ 51. Kf3 Bxf2 52. Kxf2 Nxe4+ 53. Ke3
Kxf5 0-1

[Event "Prepare for an enjoyable game!"]
[Site "http://www.queenalice.com/game.php?id=464713"]
[Date "2008.9.17"]
[Round "-"]
[White "hildanknight"]
[Black "piemme"]
[Result "1-0"]
[WhiteElo "1964"]
[BlackElo "1848"]

1. c4 e5 2. g3 d6 3. Bg2 a5 4. Nc3 Nf6 5. d3 b6 6. Bxa8 Be7 7. Bg2 c5 8. Bg5 O-O
9. Bh3 h6 10. Bxf6 Bxf6 11. Bxc8 Qxc8 12. e3 Nc6 13. Nd5 Qb7 14. Ne2 Nd4 15.
exd4 exd4 16. O-O Re8 17. Nef4 b5 18. b3 b4 19. Qg4 Bg5 20. Rfe1 Rxe1+ 21. Rxe1
Qa7 22. h4 Bxf4 23. Re8+ Kh7 24. Nf6+ gxf6 25. Qg8# 1-0

[Event "Prepare for an enjoyable game!"]
[Site "http://www.queenalice.com/game.php?id=464719"]
[Date "2008.9.17"]
[Round "-"]
[White "hildanknight"]
[Black "Bernhardur"]
[Result "1-0"]
[WhiteElo "1956"]
[BlackElo "1998"]

1. c4 e5 2. g3 g6 3. Bg2 Bg7 4. Nc3 c6 5. d3 Nf6 6. c5 d6 7. b4 d5 8. Bg5 Be6 9.
Nf3 Nbd7 10. O-O O-O 11. Rb1 Qc7 12. Qc2 a6 13. a4 Rfc8 14. e3 h6 15. Bxf6 Bxf6
16. Rfd1 a5 17. d4 Bf5 18. e4 dxe4 19. Nxe4 Bg7 20. Qe2 exd4 21. Nxd4 1-0

[Event "Prepare for an enjoyable game!"]
[Site "http://www.queenalice.com/game.php?id=464759"]
[Date "2008.9.17"]
[Round "-"]
[White "hildanknight"]
[Black "Jonny_Fake"]
[Result "1/2-1/2"]
[WhiteElo "1862"]
[BlackElo "1879"]

1. c4 e5 2. g3 d6 3. Bg2 Be7 4. Nc3 Nf6 5. d3 O-O 6. Bg5 Be6 7. Bxb7 Nbd7 8.
Bxa8 Qxa8 9. Nf3 Qb7 10. Qd2 d5 11. Bxf6 Nxf6 12. cxd5 Nxd5 13. O-O Bh3 14. Rfc1
f5 15. Nxd5 Qxd5 16. Rxc7 Bd8 17. Rxa7 h6 18. b3 Bg5 19. Qc2 Rd8 20. Qc7 Bf6 21.
Qc4 Qxc4 22. dxc4 e4 23. Rc1 exf3 24. exf3 Rd2 25. b4 Bd4 26. Ra3 Rxf2 27. Rd3
Rc2+ 28. Rxd4 Rxc1+ 29. Kf2 Rc2+ 30. Ke3 Rxa2 31. Rd3 Bf1 32. Rc3 Rxh2 33. b5
Rb2 34. Kd4 Bg2 35. f4 g5 36. Ke5 gxf4 37. Kxf4 Bh3 38. Ke5 Kf7 39. Kd6 f4 40.
gxf4 Bf5 41. Kc7 h5 42. b6 Be4 43. c5 h4 44. c6 Kf6 45. b7 Kf5 46. b8=Q Rxb8 47.
Kxb8 Kxf4 48. c7 Bf5 49. Rc4+ Kg3 50. Rc3+ Kg2 51. c8=Q Bxc8 52. Rxc8 h3 53.
Rg8+ Kh1 54. Kc7 h2 55. Kd6 1/2-1/2

[Event "Prepare for an enjoyable game!"]
[Site "http://www.queenalice.com/game.php?id=464810"]
[Date "2008.9.17"]
[Round "-"]
[White "hildanknight"]
[Black "frankcasadio"]
[Result "0-1"]
[WhiteElo "1983"]
[BlackElo "1938"]

1. c4 e5 2. g3 Bc5 3. Bg2 Nf6 4. Nc3 d6 5. d3 h6 6. e3 a6 7. Nge2 Nc6 8. O-O h5
9. d4 exd4 10. exd4 Ba7 11. Bg5 Bg4 12. Bxf6 Qxf6 13. f3 Nxd4 14. fxg4 Nxe2+ 15.
Kh1 Nxg3+ 16. hxg3 hxg4+ 17. Bh3 Rxh3+ 18. Kg2 Qh6 19. Qxg4 Rh2+ 20. Kf3 Qe3#
0-1

[Event "Prepare for an enjoyable game!"]
[Site "http://www.queenalice.com/game.php?id=464821"]
[Date "2008.9.17"]
[Round "-"]
[White "hildanknight"]
[Black "deep"]
[Result "0-1"]
[WhiteElo "1933"]
[BlackElo "2065"]

1. c4 e5 2. g3 d5 3. cxd5 Qxd5 4. Nf3 e4 5. Nc3 Qc6 6. Nd4 Qf6 7. e3 Qe5 8. Bg2
Nf6 9. O-O c5 10. Nde2 Nc6 11. Nf4 Bd6 12. d3 Bg4 13. Qd2 Bf3 14. Bh3 O-O 15.
dxe4 Rad8 16. Bf5 Nxe4 17. Nxe4 Qxf5 18. Nxd6 Qf6 19. Ne4 Bxe4 20. Qe2 Ne5 21.
Bd2 Nf3+ 22. Kg2 Rxd2 23. Qc4 Ne5+ 24. Qxe4 Ng4 25. Qf3 Ne5 26. Qxb7 Nc4 27. Nd5
Qe6 28. Rfd1 Rxb2 29. Qxa7 Nxe3+ 30. Nxe3 Qxe3 31. Rf1 Qe4+ 32. Kh3 c4 33. Qc5
Qe6+ 34. g4 Rc8 35. Qd4 c3 36. Rfd1 h5 37. Kg3 Rc4 38. Qd8+ Kh7 39. Qd3+ g6 40.
f3 hxg4 41. fxg4 Qxg4# 0-1

[Event "Prepare for an enjoyable game!"]
[Site "http://www.queenalice.com/game.php?id=464822"]
[Date "2008.9.17"]
[Round "-"]
[White "hildanknight"]
[Black "CSI"]
[Result "0-1"]
[WhiteElo "1881"]
[BlackElo "1998"]

1. c4 c5 2. g3 Nc6 3. Bg2 g6 4. Nc3 Bg7 5. Rb1 Nf6 6. Nh3 O-O 7. O-O d6 8. Nf4
Bf5 9. d3 a6 10. a3 Rb8 11. Bd2 Nd4 12. Be3 e5 13. Bxd4 cxd4 14. Ncd5 exf4 15.
Nxf4 b5 16. cxb5 Rxb5 17. b4 Qb6 18. Qb3 Rc8 19. a4 Re5 20. b5 axb5 21. axb5 Bd7
22. Nd5 Nxd5 23. Bxd5 Be6 24. Bxe6 fxe6 25. Rb2 Rc3 26. Qa4 Rec5 27. Rfb1 Rc1+
28. Rxc1 Rxc1+ 29. Kg2 Rc8 30. Qa6 Qxa6 31. bxa6 Ra8 32. Ra2 e5 33. Kf3 Kf7 34.
Ke4 Ke6 35. g4 d5+ 36. Kf3 g5 37. Kg2 Bf8 38. Kf1 Kd7 39. Ke1 Kc6 40. Kd1 Kb5
41. a7 Bc5 42. Rb2+ Kc6 43. Rc2 Rxa7 44. Kc1 Ra5 0-1

[Event "Prepare for an enjoyable game!"]
[Site "http://www.queenalice.com/game.php?id=464906"]
[Date "2008.9.17"]
[Round "-"]
[White "hildanknight"]
[Black "noseasino"]
[Result "0-1"]
[WhiteElo "1982"]
[BlackElo "1981"]

1. c4 e5 2. g3 Nf6 3. Bg2 Nc6 4. Nc3 Bc5 5. a3 d6 6. e3 O-O 7. Nge2 Bb6 8. O-O
Bg4 9. f3 Be6 10. d3 a5 11. Rb1 Ne7 12. f4 Nf5 13. Rf3 Ng4 14. d4 exd4 15. Nxd4
Nxd4 16. exd4 Qf6 17. Bf1 Bxd4+ 18. Kg2 Nxh2 19. Rd3 c5 20. Kxh2 Qh6+ 21. Kg2
Qh3+ 22. Kf3 Bg4+ 23. Ke4 d5+ 24. Kxd5 Rad8+ 25. Ke4 f5# 0-1

[Event "Prepare for an enjoyable game!"]
[Site "http://www.queenalice.com/game.php?id=465111"]
[Date "2008.9.18"]
[Round "-"]
[White "hildanknight"]
[Black "hiu_abu_abu"]
[Result "0-1"]
[WhiteElo "1871"]
[BlackElo "2136"]

1. c4 e5 2. g3 Nf6 3. Bg2 d5 4. cxd5 Nxd5 5. Nf3 Nc6 6. O-O Bd6 7. d4 e4 8. Ng5
f5 9. Qb3 Be7 10. Nc3 Bxg5 11. Bxg5 Qxg5 12. Qxd5 Qe7 13. Rfd1 Be6 14. Qb5 O-O
15. Qxb7 Qd7 16. Qb5 Rab8 17. Qc5 Bf7 18. b3 a6 19. f3 exf3 20. Bxf3 Ne7 21.
Rac1 c6 22. Qe5 Nd5 23. Nxd5 Bxd5 24. Bxd5+ Qxd5 25. Rc5 Qd7 26. e3 Rbe8 27. Qf4
Re4 28. Qf3 Qe6 29. Kf2 g6 30. Ke2 Rd8 31. Kd3 Qd6 32. Qf2 Qxc5 33. Ke2 Rdxd4
34. Rxd4 Qxd4 35. Kf3 Qd5 36. Ke2 Qc5 37. Kd3 Qc1 38. Qd2 Qxd2+ 39. Kxd2 Kf7 40.
Kd3 Ke6 41. Ke2 Kd5 42. Kd3 c5 43. Kd2 c4 44. bxc4+ Kxc4 45. h3 Kb4 46. h4 Ka3
47. Kc2 Rxe3 48. Kd2 Rxg3 49. Kc2 Kxa2 50. Kd2 Kb2 51. Ke2 Kc2 0-1